Composite materials III : proceedings of the 3rd China Cross-Strait Conference on Composite Materials (Record no. 2550)
[ view plain ]
| 000 -LEADER | |
|---|---|
| fixed length control field | 01393nac a22002771u 4500 |
| 010 ## - LIBRARY OF CONGRESS CONTROL NUMBER | |
| LC control number | 2003282137 |
| 020 ## - INTERNATIONAL STANDARD BOOK NUMBER | |
| International Standard Book Number | 0878499261 |
| 035 ## - SYSTEM CONTROL NUMBER | |
| System control number | (OCoLC)ocm53089348 |
| 082 00 - DEWEY DECIMAL CLASSIFICATION NUMBER | |
| Classification number | 620.1 |
| -- | 620.1 |
| Item number | Z612 |
| 090 ## - LOCALLY ASSIGNED LC-TYPE CALL NUMBER (OCLC); LOCAL CALL NUMBER (OCLC) | |
| -- | 2550 |
| -- | 2550 |
| 100 ## - MAIN ENTRY--PERSONAL NAME | |
| Personal name | 20080729 |
| 111 2# - MAIN ENTRY--MEETING NAME | |
| Meeting name or jurisdiction name as entry element | China Cross-Strait Conference on Composite Materials |
| Date of meeting | 2003 : |
| Location of meeting | Wuhan, China) |
| 245 10 - TITLE STATEMENT | |
| Title | Composite materials III : proceedings of the 3rd China Cross-Strait Conference on Composite Materials |
| Remainder of title | proceedings of the 3rd China Cross-Strait Conference on Composite Materials, Wuhan, China, May 7-12, 2003 / |
| Statement of responsibility, etc | edited by Lianmeng Zhang, Jingkun Guo, Wei-Hsing Tuan. |
| 260 ## - PUBLICATION, DISTRIBUTION, ETC. (IMPRINT) | |
| Place of publication, distribution, etc | Uetikon-Zuerich, Switzerland ; |
| -- | Enfield, N.H. : |
| Name of publisher, distributor, etc | Trans Tech Publications,2003 |
| Date of publication, distribution, etc | 2003. |
| 300 ## - PHYSICAL DESCRIPTION | |
| Extent | xv, 503 p. : |
| Other physical details | ill. ; |
| Dimensions | 26 cm. |
| 440 #0 - | |
| -- | Key engineering materials ; |
| -- | v. 249 |
| 500 ## - GENERAL NOTE | |
| General note | "Sponsored by Natural Science Foundation of China (NSFC)"--Pref. |
| 504 ## - BIBLIOGRAPHY, ETC. NOTE | |
| Bibliography, etc | Includes bibliographical references and indexes. |
| 650 #0 - SUBJECT ADDED ENTRY--TOPICAL TERM | |
| Topical term or geographic name as entry element | Composite materials |
| Form subdivision | Congresses. |
| 700 1# - ADDED ENTRY--PERSONAL NAME | |
| Personal name | Zhang, Lianmeng. |
| 700 1# - ADDED ENTRY--PERSONAL NAME | |
| Personal name | Guo, Jingkun. |
| 700 1# - ADDED ENTRY--PERSONAL NAME | |
| Personal name | Tuan, W.-H. |
| Fuller form of name | (Wei-Hsing), |
| Dates associated with a name | 1958- |
| 710 2# - ADDED ENTRY--CORPORATE NAME | |
| Corporate name or jurisdiction name as entry element | Guo jia zi ran ke xue ji jin wei yuan hui (China) |
| 942 ## - ADDED ENTRY ELEMENTS (KOHA) | |
| Item type | |
| Call number prefix | 620.1Z612 |
| Withdrawn status | Item status | Damaged status | Not for loan | Home library | Current library | Shelving location | Date acquired | Source of acquisition | Total Checkouts | Total Renewals | Full call number | Barcode | Date last seen | Date last borrowed | Koha item type |
|---|---|---|---|---|---|---|---|---|---|---|---|---|---|---|---|
| Central Library | Central Library | First floor | 25/02/2007 | Purchase | 3 | 18 | 620.1 COM | 000001502 | 15/07/2025 | 02/06/2013 | Book - Borrowing |